Nada partido por dos : (Record no. 193404)

MARC details
000 -LEADER
campo de control de longitud fija 01200nam a2200349 i 4500
001 - NÚMERO DE CONTROL
campo de control 193404
003 - IDENTIFICADOR DE NÚMERO DE CONTROL
campo de control SpMaBN
005 - FECHA Y HORA DE LA ÚLTIMA TRANSACCIÓN
campo de control 20231119063024.0
007 - CAMPO FIJO DE DESCRIPCIÓN FÍSICA--INFORMACIÓN GENERAL
campo de control de longitud fija ta
008 - DATOS DE LONGITUD FIJA--INFORMACIÓN GENERAL
campo de control de longitud fija 231117s2014 sp a | |||| 000 p spa
015 ## - NÚMERO DE BIBLIOGRAFÍA NACIONAL
Número de bibliografía nacional MON14
017 ## - NÚMERO DE COPYRIGHT O DE DEPÓSITO LEGAL
Número de copyright o de depósito legal C 1989-2014
Agencia que asigna Oficina Depósito Legal A Coruña
020 ## - NÚMERO INTERNACIONAL ESTÁNDAR DEL LIBRO
Número Internacional Estándar del Libro 9788461729579
035 ## - NÚMERO DE CONTROL DEL SISTEMA
Número de control de sistema (OCoLC)911094408
035 ## - NÚMERO DE CONTROL DEL SISTEMA
Número de control de sistema a5640388
040 ## - FUENTE DE CATALOGACIÓN
Centro catalogador/agencia de origen SpMaBN
Lengua de catalogación spa
Centro/agencia transcriptor SpMaBN
Normas de descripción rdc
Centro/agencia modificador ES-MaACL
080 ## - NÚMERO DE LA CLASIFICACIÓN DECIMAL UNIVERSAL
Número de la Clasificación Decimal Universal 821.134.2-14"19"
100 1# - ENTRADA PRINCIPAL--NOMBRE DE PERSONA
Nombre de persona Vidales, Juan,
Fechas asociadas al nombre 1965-
Número de control del registro de autoridad o número normalizado XX5322870
9 (RLIN) 234580
245 10 - MENCIÓN DEL TÍTULO
Título Nada partido por dos :
Resto del título (antología poética 2005-2013) /
Mención de responsabilidad, etc. Juan Vidales.
250 ## - MENCION DE EDICION
Mención de edición 1ª ed.
260 ## - PUBLICACIÓN, DISTRIBUCIÓN, ETC.
Lugar de publicación, distribución, etc. Santiago de Compostela :
Nombre del editor, distribuidor, etc. Follas Novas,
Fecha de publicación, distribución, etc. 2014.
300 ## - DESCRIPCIÓN FÍSICA
Extensión 103 p. :
Otras características físicas il. col. ;
Dimensiones 22 cm
336 ## - TIPO DE CONTENIDO
Término de tipo de contenido Texto (visual)
Fuente isbdcontent
337 ## - TIPO DE MEDIO
Nombre/término del tipo de medio sin mediación
Fuente isbdmedia
338 ## - TIPO DE SOPORTE
Fuente rdacarrier
Nombre/término del tipo de soporte volumen
490 1# - MENCIÓN DE SERIE
Mención de serie Los libros del caracol ;
Designación de volumen o secuencia 26
830 ## - PUNTO DE ACCESO ADICIONAL DE SERIE-TÍTULO UNIFORME
9 (RLIN) 186854
Título uniforme Los libros del caracol ;
Designación de volumen o secuencia 26
852 ## - LOCALIZACIÓN
Ubicación ES-MaACL
itemnumber 200855
Sublocalización o colección R.150297
Ubicación en estantería Depósito 1
Signatura antigua Olim: N-6384
Número de control de estantería A-13384
942 ## - ELEMENTOS DE ENTRADA SECUNDARIOS (KOHA)
Suprimir en OPAC No
Tipo de ítem Koha Libro impreso
Holdings
Estatus retirado Estado de pérdida Fuente del sistema de clasificación o colocación Estado de daño No para préstamo Biblioteca de origen Biblioteca actual Ubicación en estantería Fecha de adquisición Fuente de adquisición Total de préstamos Signatura topográfica completa Código de barras Visto por última vez Precio de reemplazo Tipo de ítem Koha
    Clasificación decimal universal     Biblioteca del Ateneo de Madrid Biblioteca del Ateneo de Madrid Depósito 1 17/11/2023 Donación   A-13384 101206147 17/11/2023 17/11/2023 Libro impreso